Your body (KHMER) / (Record no. 48917)
| 000 -LEADER | |
|---|---|
| fixed length control field | 00258nam a2200109 4500 |
| 020 ## - INTERNATIONAL STANDARD BOOK NUMBER | |
| International Standard Book Number | 9789924589754 |
| 245 ## - TITLE STATEMENT | |
| Title | Your body (KHMER) / |
| 260 ## - PUBLICATION, DISTRIBUTION, ETC. (IMPRINT) | |
| Place of publication, distribution, etc | Cambodia |
| Name of publisher, distributor, etc | Mind Books |
| Date of publication, distribution, etc | 2024 |
| 300 ## - PHYSICAL DESCRIPTION | |
| Extent | 31 p. |
| Other physical details | col. ill. |
| Dimensions | 20 cm. |
| 650 ## - SUBJECT ADDED ENTRY--TOPICAL TERM | |
| Topical term or geographic name as entry element | Human Body |
| 942 ## - ADDED ENTRY ELEMENTS (KOHA) | |
| Source of classification or shelving scheme | |
| Koha item type | Book |
| Withdrawn status | Lost status | Source of classification or shelving scheme | Damaged status | Not for loan | Collection code | Home library | Current library | Shelving location | Date acquired | Total Checkouts | Full call number | Barcode | Checked out | Date last seen | Date checked out | Price effective from | Koha item type |
|---|---|---|---|---|---|---|---|---|---|---|---|---|---|---|---|---|---|
| Siem Riep | Asian Hope Early Years Library | Asian Hope Early Years Library | 05/21/2025 | 13 | KHMER 612 YOU | 207997 | 04/22/2026 | 04/22/2026 | 04/22/2026 | 05/21/2025 | Book | ||||||
| Asian Hope Early Years Library | Asian Hope Early Years Library | 03/10/2026 | 3 | KHMER 612 YOU | 209881 | 04/22/2026 | 04/22/2026 | 04/22/2026 | 03/10/2026 | Book | |||||||
| Siem Riep | Asian Hope Primary Library | Asian Hope Primary Library | Non Fiction | 05/12/2025 | 11 | KHMER 612 YOU | 207835 | 04/30/2026 | 04/23/2026 | 04/23/2026 | 05/12/2025 | Book |